The Top 10 Bestselling Chocolate Bars - Statistics

General Stats
  • This quiz has been taken 909 times
    878 since last reset
  • The average score is 3 of 10
Answer Stats
Answer % Correct
Snickers
70%
Mars
68%
Kit Kat
52%
Hershey
48%
Milky Way
41%
Cadbury
35%
Toblerone
11%
Butterfinger
10%
Baby Ruth
7%
Three musketeers
7%
No matching quizzes found
Score Distribution
Percent of People with Each Score
Percentile by Number Answered
Your Score History
You have not taken this quiz since the last reset